A könyvégetés nosztalgiája elnyomás és magaskultúra a sci-fi irodalomban : [absztrakt] /

Elmentve itt :
Bibliográfiai részletek
Szerző: Gy. Molnár Kadosa István
Testületi szerző: VI. Eötvözet : Eötvös Collegium és az Eötvös Loránd Kollégium közös bölcsészkonferenciája
Dokumentumtípus: Könyv része
Megjelent: SZTE Eötvös Loránd Kollégium Szeged 2017
Sorozat:Acta Szegediensia Collegii de Rolando Eötvös Nominati : Eötvözet 6
Kulcsszavak:Amerikai irodalom története - előadáskivonat, Fantasztikus irodalom - előadáskivonat, Magyar irodalom története - előadáskivonat
Tárgyszavak:
Online Access:http://acta.bibl.u-szeged.hu/86472
LEADER 01112naa a2200217 i 4500
001 acta86472
005 20250218141442.0
008 250218s2017 hu o 100 hun d
022 |a 2062-8439 
040 |a SZTE Egyetemi Kiadványok Repozitórium  |b hun 
041 |a hun 
100 2 |a Gy. Molnár Kadosa István 
245 1 2 |a A könyvégetés nosztalgiája  |h [elektronikus dokumentum] :  |b elnyomás és magaskultúra a sci-fi irodalomban : [absztrakt] /  |c  Gy. Molnár Kadosa István 
260 |a SZTE Eötvös Loránd Kollégium  |b Szeged  |c 2017 
300 |a 10 
490 0 |a Acta Szegediensia Collegii de Rolando Eötvös Nominati : Eötvözet  |v 6 
650 4 |a Bölcsészettudományok 
650 4 |a Nyelvek és irodalom 
695 |a Amerikai irodalom története - előadáskivonat, Fantasztikus irodalom - előadáskivonat, Magyar irodalom története - előadáskivonat 
711 |a VI. Eötvözet : Eötvös Collegium és az Eötvös Loránd Kollégium közös bölcsészkonferenciája  |c Szeged  |d 2017. április 7-8. 
856 4 0 |u http://acta.bibl.u-szeged.hu/86472/1/eotvozet_006_osszefoglalok_010.pdf  |z Dokumentum-elérés